Sports Quiz

Random Sports Quiz
Score 0/10 Timer 03:00
0 Plays Today
Rushing Yards Running Back % Correct
2097Adrian Peterson
100%
1424Arian Foster
90.7%
1613Alfred Morris
83.7%
1590Marshawn Lynch
83.7%
1454Doug Martin
81.4%
1243Chris Johnson
79.1%
1212Frank Gore
79.1%
1244C.J. Spiller
67.4%
1509Jamaal Charles
62.8%
1263Stevan Ridley
55.8%

You're not logged in!

Compare scores with friends on all Sporcle quizzes.
OR
Log In

Sporcle TV

Today on Sporcle TV


Watch our educational content, quiz creation guides, and fun videos on Sporcle TV.

Show Comments

Extras

Created Jan 2, 2013SourceReportNominate
Tags:2012, nickname, rbs, Rushing, Top 10

Top Quizzes Today


Score Distribution

Paid Content

Your Account Isn't Verified!

In order to create a playlist on Sporcle, you need to verify the email address you used during registration. Go to your Sporcle Settings to finish the process.

Report this User

Report this user for behavior that violates our Community Guidelines.

Details: